History of vernacular education in Bengal, 1800-1854 : (Record no. 65695)
[ view plain ]
| 000 -LEADER | |
|---|---|
| fixed length control field | 00762nam a2200241 a 4500 |
| 001 - CONTROL NUMBER | |
| control field | 65695 |
| 003 - CONTROL NUMBER IDENTIFIER | |
| rucl marc code | BR-RjUL |
| 005 - DATE AND TIME OF LATEST TRANSACTION | |
| control field | 20211209081443.0 |
| 008 - FIXED-LENGTH DATA ELEMENTS--GENERAL INFORMATION | |
| fixed length control field | 170309s1974 ii ab b 001 0 eng d |
| 035 ## - SYSTEM CONTROL NUMBER | |
| System control number | (BR-RjUL)65825 |
| 040 ## - CATALOGING SOURCE | |
| Original cataloging agency | CUS |
| Transcribing agency | CUS |
| Modifying agency | BR-RjUL |
| Language of cataloging | eng |
| 041 ## - LANGUAGE CODE | |
| Language code of text/sound track or separate title | eng |
| 082 ## - DEWEY DECIMAL CLASSIFICATION NUMBER | |
| Edition number | 23 |
| Classification number | 370.954 |
| Author mark and year | BAH 1974 |
| 090 ## - LOCALLY ASSIGNED LC-TYPE CALL NUMBER (OCLC); LOCAL CALL NUMBER (OCLC) | |
| Classification number (OCLC) (R) ; Classification number, CALL (RLIN) (NR) | LA1154.B4 |
| Local cutter number (OCLC) ; Book number/undivided call number, CALL (RLIN) | B37 1974 |
| 100 1# - MAIN ENTRY--PERSONAL NAME | |
| Personal name | Basak, N. L. |
| 9 (RLIN) | 194309 |
| 245 10 - TITLE STATEMENT | |
| Title | History of vernacular education in Bengal, 1800-1854 : |
| Remainder of title | a review of the early trends and experiments / |
| Statement of responsibility, etc. | N. L. Basak |
| 250 ## - EDITION STATEMENT | |
| Edition statement | 1st ed. |
| 260 ## - PUBLICATION, DISTRIBUTION, ETC. (IMPRINT) | |
| Place of publication, distribution, etc. | Calcutta : |
| Name of publisher, distributor, etc. | Hrishikes Barik, |
| Date of publication, distribution, etc. | 1974 |
| 300 ## - PHYSICAL DESCRIPTION | |
| Pagination | xv, 445 p. : |
| Illustrations | ill. ; |
| Size | 22 cm |
| 504 ## - BIBLIOGRAPHY, ETC. NOTE | |
| Bibliography, etc | Includes bibliographical references and index |
| 650 #0 - SUBJECT ADDED ENTRY--TOPICAL TERM | |
| Topical term or geographic name as entry element | Education |
| Geographic subdivision | India |
| -- | Bengal |
| 9 (RLIN) | 194310 |
| 942 ## - ADDED ENTRY ELEMENTS (KOHA) | |
| Source of classification or shelving scheme | Dewey Decimal Classification |
| Koha item type | Books |
| Lost status | Source of classification or shelving scheme | Damaged status | Not for loan | Collection code | Permanent Location | Current Location | Shelving location | Date acquired | Source of acquisition | Cost, normal purchase price | Total Checkouts | Full call number | Date last seen | Copy number | Koha item type |
|---|---|---|---|---|---|---|---|---|---|---|---|---|---|---|---|
| Dewey Decimal Classification | Not For Loan | Non-fiction | Central Library, University of Rajshahi | Central Library, University of Rajshahi | Reading Room | 04/12/1983 | Tulip Enterprise, Dhaka | 40.00 | 370.954 BAH 1974 | 09/03/2017 | C-1 | Books |